<?xml version="1.0" encoding="UTF-8"?><?xml-stylesheet type="text/xsl" href="static/style.xsl"?><OAI-PMH xmlns="http://www.openarchives.org/OAI/2.0/" xmlns:xsi="http://www.w3.org/2001/XMLSchema-instance" xsi:schemaLocation="http://www.openarchives.org/OAI/2.0/ http://www.openarchives.org/OAI/2.0/OAI-PMH.xsd"><responseDate>2026-04-13T05:01:23Z</responseDate><request verb="GetRecord" identifier="oai:www.recercat.cat:10256/27426" metadataPrefix="marc">https://recercat.cat/oai/request</request><GetRecord><record><header><identifier>oai:recercat.cat:10256/27426</identifier><datestamp>2026-01-20T00:26:00Z</datestamp><setSpec>com_2072_452966</setSpec><setSpec>com_2072_2054</setSpec><setSpec>col_2072_452968</setSpec></header><metadata><record xmlns="http://www.loc.gov/MARC21/slim" xmlns:dcterms="http://purl.org/dc/terms/" xmlns:xsi="http://www.w3.org/2001/XMLSchema-instance" xmlns:doc="http://www.lyncode.com/xoai" xsi:schemaLocation="http://www.loc.gov/MARC21/slim http://www.loc.gov/standards/marcxml/schema/MARC21slim.xsd">
   <leader>00925njm 22002777a 4500</leader>
   <datafield ind2=" " ind1=" " tag="042">
      <subfield code="a">dc</subfield>
   </datafield>
   <datafield ind2=" " ind1=" " tag="720">
      <subfield code="a">Vidal Vives, Vidal</subfield>
      <subfield code="e">author</subfield>
   </datafield>
   <datafield ind2=" " ind1=" " tag="260">
      <subfield code="c">2024-09</subfield>
   </datafield>
   <datafield ind2=" " ind1=" " tag="520">
      <subfield code="a">La redacció d’aquest treball final de grau s’ha dut a terme dins el grup de recerca GREP, Grup de Recerca en Enginyeria de Producte, Procés i Producció, de la Universitat de Girona. Un dels seus temes d’investigació, i base que ha servit per desenvolupar aquest estudi, és la tecnologia de deformació incremental de xapa (ISF) aplicada a la fabricació de pròtesis. Amb l’objectiu d’augmentar el coneixement i la recerca que es té sobre aquesta tècnica de fabricació, que consisteix en deformar progressivament una xapa per obtenir una forma desitjada, s’analitzen els resultats obtinguts en realitzar un conjunt d’experiments per avaluar els diferents modes de falla del material i l’efecte provocat per la variació dels paràmetres durant el procés de deformació.&#xd;
En aquest cas el material escollit per experimentar és el PEEK, un polímer termoplàstic orgànic que presenta una excel·lent biocompatibilitat en conjunt amb altres característiques favorables, entre elles el cost econòmic barat en comparació a altre materials de pròtesis, que el converteixen en un dels principals materials a considerar per a la fabricació de pròtesis.&#xd;
Els experiments realitzats consisteixen el la deformació de plaques de fabricació comercial de 1mm de gruix i de plaques de fabricació additiva de 2mm de gruix fins el seu punt de ruptura amb l’objectiu d’extreure dades dels modes de falla, forces de deformació, temperatura durant la deformació, rugositats superficials finals i precisió dimensional. Posteriorment els resultats obtinguts es comparen amb estudis realitzats anteriorment, que comparteixen paràmetres de deformació similars, per obtenir conclusions al respecte.</subfield>
   </datafield>
   <datafield ind2=" " ind1=" " tag="520">
      <subfield code="a">9</subfield>
   </datafield>
   <datafield tag="653" ind2=" " ind1=" ">
      <subfield code="a">Incremental sheet forming -- Prototype molds</subfield>
   </datafield>
   <datafield tag="653" ind2=" " ind1=" ">
      <subfield code="a">Deformació incremental -- Prototips (Enginyeria)</subfield>
   </datafield>
   <datafield tag="653" ind2=" " ind1=" ">
      <subfield code="a">Xapa metàl·lica</subfield>
   </datafield>
   <datafield tag="653" ind2=" " ind1=" ">
      <subfield code="a">Sheet-metal</subfield>
   </datafield>
   <datafield tag="653" ind2=" " ind1=" ">
      <subfield code="a">Polímers -- Propietats mecàniques</subfield>
   </datafield>
   <datafield tag="653" ind2=" " ind1=" ">
      <subfield code="a">Polymers -- Mechanical properties</subfield>
   </datafield>
   <datafield ind2="0" ind1="0" tag="245">
      <subfield code="a">Estudi de la influència de la xapa de partida en la deformació incremental de plaques de peek</subfield>
   </datafield>
</record></metadata></record></GetRecord></OAI-PMH>